Statystyki dla Bałkany - Quiz na mapie

Kliknij tutaj aby rozwiązać quiz!

Ogólne statystyki

  • Ten quiz został rozwiązany 208 razy
  • Średni wynik to 9 z 11

Odpowiedzi na mapie

Odpowiedzi skodowane kolorowo w zielono-czerwonej skali na mapie do tego quizu, zgodnie z poniższymi procentami.
 

Statystyki odpowiedzi

Odpowiedź% Poprawnych
Chorwacja
95%
Grecja
91%
Słowenia
85%
Rumunia
83%
Bośnia i Hercegowina
81%
Macedonia Północna
81%
Kosowo
80%
Serbia
78%
Albania
77%
Bułgaria
76%
Czarnogóra
75%

Rozkład punktacji

Percentyl według liczby udzielonych odpowiedzi

Procent ludzi z każdym wynikiem

Twoja historia wyników

Nie rozwiązałeś tego quizu